7 Main Religions - Statistics

General Stats
  • This quiz has been taken 49 times
  • The average score is 5 of 7
Answer Stats
Followers Religion % Correct
1.6 Billion Islam
98%
2.2 Billion Christianity
96%
1 Billion Hinduism
93%
14 Million Judaism
80%
26 Million Sikhism
51%
1.1 Billion Atheism
42%
500 Million Buddhism
40%
No matching quizzes found
Score Distribution
Percent of People with Each Score
Percentile by Number Answered
Your Score History
You have not taken this quiz